Mining minerals and metals value chain handbook : (Record no. 33820)

MARC details
000 -LEADER
fixed length control field 00869nam a22002417a 4500
008 - FIXED-LENGTH DATA ELEMENTS--GENERAL INFORMATION
fixed length control field 251111b |||||||| |||| 00| 0 eng d
017 ## - LEGAL DEPOSIT NUMBER
Legal deposit number LD.2970
018 ## - LEGAL DEPOSIT YEAR
LDD Year 2025
020 ## - INTERNATIONAL STANDARD BOOK NUMBER
ISBN 9789787695777
040 ## - CATALOGING SOURCE
Original cataloging agency NLN
Language of cataloging English
Description conventions AACR2
100 ## - MAIN ENTRY--AUTHOR
Author AJAYI, John A.
Relator term aut
245 ## - TITLE STATEMENT
Title Mining minerals and metals value chain handbook :
Remainder of title mineral processing handbook featuring elements of minal exploration geostatistics and applied mineralogy volume 1 /
Statement of responsibility, etc John Ade Ajayi
260 ## - PUBLICATION, DISTRIBUTION, ETC. (IMPRINT)
Place of publication Calabar, Cross River State (South South) :
Name of publisher Academic Publishing Centre,
Date of publication 2024
300 ## - COLLATION
Pagination xviii, 202p. :
Other physical details ill. (some col.) ; 25cm.
500 ## - GENERAL NOTE
General note Includes bibliographical references
563 ## - BINDING INFORMATION
Binding note (pbk.)
650 ## - TRACINGS
Main Subject Ore
Subdivision (1st) dressing
650 ## - TRACINGS
Main Subject Mineral industries
942 ## - ADDED ENTRY ELEMENTS (KOHA)
Item type Books
Suppress in OPAC No
050 ## - LIBRARY OF CONGRESS CALL NUMBER
Classification number TN500
Item number .A312
082 ## - DEWEY DECIMAL CLASSIFICATION NUMBER
Classification number 622.7
Holdings
Source of classification or shelving scheme Not for loan Home library Current library Date acquired Mode of acquisition Accession No. Full call number Barcode. Copy number Koha item type
Library of Congress Classification   ABUJA LIBRARY BRANCH National Library of Nigeria 11/11/2025 Legal deposit 283167 TN500 .A312 283167 1 Books
Library of Congress Classification   DUTSE BRANCH National Library of Nigeria 11/11/2025 Legal deposit 283166 TN500 .A312 283166 1 Books
Library of Congress Classification   UMUAHIA BRANCH National Library of Nigeria 11/11/2025 Legal deposit 283171 TN500 .A312 283171 1 Books
Library of Congress Classification   YOLA BRANCH LIBRARY National Library of Nigeria 11/11/2025 Legal deposit 283169 TN500 .A312 283169 1 Books
Library of Congress Classification   EKITI BRANCH LIBRARY National Library of Nigeria 11/11/2025 Legal deposit 283170 TN500 .A312 283170 1 Books
Library of Congress Classification   ENUGU BRANCH National Library of Nigeria 11/11/2025 Legal deposit 283177 TN500 .A312 283177 1 Books
Library of Congress Classification   GOMBE BRANCH National Library of Nigeria 11/11/2025 Legal deposit 283168 TN500 .A312 283168 1 Books
Library of Congress Classification   GUSAU BRANCH National Library of Nigeria 11/11/2025 Legal deposit 283173 TN500 .A312 283173 1 Books
Library of Congress Classification   IBADAN BRANCH LIBRARY National Library of Nigeria 11/11/2025 Legal deposit 283172 TN500 .A312 283172 1 Books
Library of Congress Classification   ILORIN BRANCH National Library of Nigeria 11/11/2025 Legal deposit 283175 TN500 .A312 283175 1 Books
Library of Congress Classification   JOS BRANCH National Library of Nigeria 11/11/2025 Legal deposit 283174 TN500 .A312 283174 1 Books
Library of Congress Classification   KADUNA BRANCH National Library of Nigeria 11/11/2025 Legal deposit 283165 TN500 .A312 283165 1 Books
Library of Congress Classification   KANO BRANCH National Library of Nigeria 11/11/2025 Legal deposit 283178 TN500 .A312 283178 1 Books
Library of Congress Classification   UYO BRANCH National Library of Nigeria 11/11/2025 Legal deposit 283179 TN500 .A312 283179 1 Books

National Library of Nigeria OPAC is powered by Koha